División territorial electoral: elecciones municipales 2016 /
Saved in:
| Corporate Author: | |
|---|---|
| Format: | Unknown |
| Language: | Spanish |
| Published: |
Costa Rica :
El Tribunal
|
| Subjects: | |
| Tags: |
Add Tag
No Tags, Be the first to tag this record!
|
MARC
| LEADER | 00000 a2200000 04500 | ||
|---|---|---|---|
| 001 | 46206 | ||
| 003 | cru CIDCACS/IIS | ||
| 005 | 20231016104001.0 | ||
| 008 | 050702s2016 cr spa d | ||
| 020 | |a 978-9968-907-61-3 | ||
| 040 | |c cru CIDCACS/IIS |a cru CIDCACS/IIS | ||
| 090 | |a 04.04.02 CR8373d 2016 | ||
| 110 | |a Costa Rica. |b Tribunal Supremo de Elecciones | ||
| 245 | |a División territorial electoral: |b elecciones municipales 2016 / |c Tribunal Supremo de Elecciones | ||
| 260 | |a Costa Rica : |b El Tribunal | ||
| 300 | |a 203 páginas : |b tablas | ||
| 650 | 0 | |9 306 |a ELECCIONES | |
| 650 | 0 | |9 7473 |a COMPORTAMIENTO ELECTORAL | |
| 650 | 4 | |9 1963 |a GOBIERNO LOCAL | |
| 651 | 0 | |9 32 |a COSTA RICA | |
| 942 | |2 z |c LI |h 04.04.02 CR8373d 2016 |i 17615 |6 040402_CR8373D_2016_17615 | ||
| 999 | |c 42304 |d 42304 | ||



